000 00580nam a2200229Ia 4500
003 OSt
005 20220923230737.0
006 a|||||r|||| 00| 0
007 ta
008 Pun
024 _a305,222
037 _cTextual
040 _aARTS
_cARTS
_bPun
041 _2Pun
_aPun
082 _aQ8441:332wJ63, 153L7
100 _aਸਤਿਬੀਰ ਸਿੰਘ
245 0 _aਪਰਤਖ੍ਹ ਹਰਿ
260 _c1977
650 _aਧਰਮ
942 _hQ8441:332wJ63, 153L7
_cTEXL
_2CC
999 _c387025
_d387025